|
|
|
|
| LEADER |
01055nam a2200289 4500 |
| 001 |
DLU200194526 |
| 005 |
##20200312 |
| 040 |
# |
# |
|a DLU
|b vie
|
| 041 |
# |
# |
|a vie
|
| 044 |
# |
# |
|a vn
|
| 082 |
# |
# |
|a 305.895 922
|b KR-T
|
| 100 |
# |
# |
|a Kră Jăn Ha Tuys.
|
| 245 |
# |
# |
|a Tín ngưỡng của người M'nông Cil ở huyện Lắk tỉnh Đắk Lắk - từ truyền thống đến hiện đại :
|b Luận văn Thạc sĩ Lịch sử Việt Nam /
|c Kră Jăn Ha Tuys; Cao Thế Trình hướng dẫn.
|
| 260 |
# |
# |
|a Đà Lạt :
|b Trường Đại học Đà Lạt,
|c 2019.
|
| 300 |
# |
# |
|a vi, 152 tr. ;
|c 29 cm. +
|e phụ lục màu.
|
| 504 |
# |
# |
|a Tài liệu tham khảo: tr. 131-137.
|
| 700 |
# |
# |
|a Cao Thế Trình,
|c PGS.TS.
|e hướng dẫn.
|
| 915 |
# |
# |
|a Lịch sử Việt Nam
|b 8229013
|c Thạc sĩ
|d Trường Đại học Đà Lạt
|e Bộ Giáo dục và Đào tạo.
|
| 992 |
# |
# |
|a 0
|
| 994 |
# |
# |
|a DLU
|
| 900 |
# |
# |
|a True
|
| 911 |
# |
# |
|a Hoàng Thị Huyền
|
| 925 |
# |
# |
|a G
|
| 926 |
# |
# |
|a A
|
| 927 |
# |
# |
|a LA
|
| 980 |
# |
# |
|a Thư viện Trường Đại học Đà Lạt
|